00000000nam##2200000za#4500
0019.662816
003CaOODSP
00520210615120740
007ta
008150407|2001||||xxc|||||     f|0| 0 fre|d
020 |a0-662-65775-6
040 |aCaOODSP|bfre
041 |aeng
041 |afre
043 |an-cn---
0861 |aSW21-80/2001
1101 |aCanada. |bCondition féminine Canada.
24510|aLes mouvements de femmes et le féminisme d'État : |bintégrer la diversité à l'élaboration des politiques gouvernementales / |cpar L. Pauline Rankin, Jill Vickers et Ann-Marie Field.
260 |aOttawa - Ontario : |bCondition féminine Canada |c2001.
300 |aTexte français, vi, 82p. ; |c28 cm.
500 |aDonnées de catalogage avant publication (Canada) imprimées dans cette publication. «Le présent document étudie les liens entre les mouvements de femmes et le féminisme d'État afin de découvrir les possibilités d'intégrer la diversité à l'élaboration des politiques gouvernementales, ainsi que les obstacles à cette démarche.»--Résumé.
5203 |aLe présent document étudie les liens entre les mouvements de femmes et le féminisme d'État afin de découvrir les possibilités d'intégrer la diversité à l'élaboration des politiques gouvernementales, ainsi que les obstacles à cette démarche.--Résumé
546 |aBilingue
563 |aCouverture souple
590 |a01-23|b2001-06-08
69107|aCondition de la femme|2gcpds
69107|aPolitique gouvernementale|2gcpds
69107|aViolence faite aux femmes|2gcpds
69107|aMouvement social|2gcpds
7201 |aRankin, L. Pauline
7201 |aVickers, Jill
7201 |aField, Ann-Marie
7760#|tLes mouvements de femmes et le féminisme d'État : |w(CaOODSP)9.632943
7760#|tWomen's movements and state feminism : |w(CaOODSP)9.688517
791 |tWomen's movements and state feminism : |eeng|w(CaOODSP)9.662815